00655cam a2200181 4500008004100000020001500041035001200056050002200068100004700090245009400137250001100231260004600242300002700288504004000315506004800355650003300403650003700436090514s2002 sp 000 0 spa u a8476986599 aa48120904aKKT770 bC36 20021 aCano Martínez de Velasco, José Ignacio13aLa prohibición de los contratos sucesorios /cJosé Ignacio Cano Martínez de Velasco a1a ed. aBarcelona, España :bJ.M. Bosch ,c2002 a171 páginas ;c24cm. aBibliografía : páginas 167-171  aDonación por la dirección de la escuela 4aDerecho sucesorio zEspaña 4aDerecho de donación zEspaña